| 000 | 01155nam a2200313 a 4500 | ||
|---|---|---|---|
| 001 | 25675 | ||
| 003 | (BD-RJUL) 25745 | ||
| 005 | 20211209050918.0 | ||
| 008 | 170222s1954 enkbc 001 0 eng d | ||
| 035 | _a(BD-RjUL) | ||
| 040 |
_aBD-RJUL _cBD-RJUL _dBD-RJUL _beng |
||
| 041 | _aeng | ||
| 082 |
_a940.28 _bLIE 1954 _223 |
||
| 100 | 1 |
_aLipson, E. _q(Ephraim), _d1888-1960. _975282 |
|
| 245 | 1 | 0 |
_aEurope in the XIXth & XXth centuries, 1815-1939 / _cby E. Lipson |
| 250 | _a6th ed. | ||
| 260 |
_aLondon : _bAdam and Charles Black, _cC1960 [reprinting 1953] |
||
| 300 |
_ax,500 p., [12] leaves of plates : _bill. ; _c23 cm |
||
| 500 | _aComprising the 9th ed. of "Europe in the XIXth century" and the 7th ed. of "Europe 1914-1939." | ||
| 504 | _aIncludes index | ||
| 504 | _aIncludes index | ||
| 650 |
_aEurope _xHistory _9192099 |
||
| 651 | 0 |
_aEurope _xHistory _y1789-1900 _969784 |
|
| 651 | 0 |
_aEurope _xHistory _y1914 _978883 |
|
| 740 | 0 | _aEurope in the XIXth and XXth centuries, 1815-1939 | |
| 740 | 0 | _aEurope in the 19th and 20th centuries, 1815-1939 | |
| 740 | 0 | _aEurope in the Nineteenth and Twentieth centuries, 1815-1939 | |
| 942 |
_2ddc _cBK |
||
| 999 |
_c25675 _d25675 |
||